Estilos de crecimiento y salarios manufactureros en México /

-д хадгалсан:
Номзүйн дэлгэрэнгүй
Үндсэн зохиолч: Loría Díaz, Eduardo (autor)
Формат: Ном
Хэл сонгох:испани
Хэвлэсэн: Toluca, México : Universidad Autónoma del Estado de México, 1994, c1994
Нөхцлүүд:
Шошгууд: Шошго нэмэх
Шошго байхгүй, Энэхүү баримтыг шошголох эхний хүн болох!

MARC

LEADER 00000nam^a2200000^a^4500
001 000108858
005 20250521000000.0
009 20260310093700.981
020 |a 968-835-241-1 
037 |a Acervo ITESO - Biblioteca 
041 |a ESP 
082 |a 331. 297206  |b LOR 
100 |a Loría Díaz, Eduardo  |e (autor) 
245 1 0 |a Estilos de crecimiento y salarios manufactureros en México /  |c E. Loría Díaz. 
264 4 |a Toluca, México :  |b Universidad Autónoma del Estado de México,  |c 1994, c1994 
300 |a 333 p. 
336 |a texto  |b txt  |2 rdacontenido 
337 |a sin mediación  |b n  |2 rdamedio 
338 |a volumen  |b nc  |2 rdasoporte 
649 |a XX 
650 |a Obreros -  |z México -  |x Condiciones Económicas 
650 |a Sueldos y Salarios -  |z México -  |x Tema Principal 
650 |a Industria Manufacturera -  |z México -  |x Tema Principal 
650 |a Política Industrial -  |z México -  |x Historia -  |y Siglo XX 
650 |a Capitalismo -  |z México 
650 |a Desarrollo Económico-Social -  |z México 
650 |a Igualdad y Desigualdad 
650 |a Economía -  |z México -  |x Historia -  |y Siglo XX 
910 |a Fondo General 
920 |a Impresos - Libros 
930 |a Colección General 
905 |a 101 
901 |a 0500045935  |b IT1  |c ACC  |u 20250521 
902 |a https://opac.biblio.iteso.mx/vufind/Record/000108858